Mecánica cuántica no-relativista

Guardat en:
Dades bibliogràfiques
Autor principal: Landau, Lev Davidovich (Autor)
Altres autors: Lifshitz, Eugenii Mikhailovich (autor)
Format: Llibre
Idioma:espanyol
Publicat: Barcelona Reverté 1967
Col·lecció:Curso de Física Teórica, 3
Matèries:
Etiquetes: Afegir etiqueta
Sense etiquetes, Sigues el primer a etiquetar aquest registre!

MARC

LEADER 00000nam a2200000 a 4500
001 UCO8492
003 CL-VaPUC
008 001207e19670000SP |||||||||||||||||spa|d
082 0 4 |a 530.12  |b LAN  |2 21 
100 |a Landau, Lev Davidovich  |e author  |9 579218 
700 |a Lifshitz, Eugenii Mikhailovich  |e autor  |9 561317 
245 1 0 |a Mecánica cuántica no-relativista 
300 |a 714 p 
942 |c BK 
945 |d 20001207 00:00:00  |a cmena 
260 |a Barcelona  |b Reverté  |c 1967 
650 0 |a Mecánica cuántica  |9 306806 
650 0 |a Cinética  |9 260943 
650 0 |a Átomos  |9 259583 
650 0 |a Moléculas   |9 259584 
583 |a last modification  |c 20001207 00:00:00  |k Rodrigo Vera 
490 0 |a Curso de Física Teórica, 3 
999 |c 293109  |d 293107 
952 |0 0  |1 0  |4 0  |6 530_120000000000000_LAN_1967  |7 0  |8 A  |9 344302  |a BIBCUR  |b BIBCUR  |d 2019-11-20  |i 1760041  |o 530.12 LAN 1967  |p 1760041  |r 2025-04-22  |w 2019-11-20  |y BK  |k BCB 
952 |0 0  |1 0  |4 0  |6 530_120000000000000_LAN_1967  |7 0  |8 A  |9 344303  |a BIBCUR  |b BIBCUR  |d 2019-11-20  |i 4543513  |l 3  |m 2  |o 530.12 LAN 1967  |p 4543513  |r 2025-04-22  |s 2025-03-10  |w 2019-11-20  |y BK  |k FIS